Euroopan valtioiden liput kartalla - Statistics

Yleistilastot
  • Tätä visaa on pelattu 1 095 kertaa
  • Keskiarvotulos 32 / 45
Vastaukset kartalla
Vastauksille on annettu kartalla punavihreä väri sen mukaan, kuinka moni on saanut sen oikein.
 
Vastaustilastot
Vastaus % Oikein
Espanja
91%
Irlanti
90%
Ruotsi
89%
Norja
89%
Yhdistynyt kuningaskunta
89%
Suomi
88%
Islanti
88%
Kreikka
88%
Ranska
88%
Tanska
87%
Italia
87%
Portugali
85%
Venäjä
85%
Saksa
84%
Viro
81%
Ukraina
78%
Sveitsi
78%
Belgia
78%
Latvia
75%
Itävalta
72%
Valkovenäjä
71%
Puola
71%
Alankomaat
71%
Tšekki
69%
Liettua
69%
Luxemburg
66%
Romania
63%
Kroatia
61%
Albania
61%
vatikaanivaltio
61%
Slovakia
60%
Kosovo
60%
Bosnia ja Hertsegovina
58%
Pohjois-Makedonia
58%
Bulgaria
57%
Malta
56%
Monaco
56%
Liechtenstein
55%
Moldova
55%
San Marino
55%
Slovenia
54%
Unkari
54%
Serbia
52%
Andorra
51%
Montenegro
49%
Ehtoja vastaavia visoja ei löytynyt
Tulosjakauma
Jokaisen tuloksen saaneiden osuus
Persentiili vastausten määrän mukaan
Tuloshistoriasi
Et ole pelannut tätä visaa